| 000 | 01137cab a2200241 4500 | ||
|---|---|---|---|
| 001 | WB3520-39 | ||
| 008 | 090401t1999 xxu||||| |||| 00| 0 eng d | ||
| 035 | _a(Sirsi) u93597 | ||
| 041 | _aeng | ||
| 245 | _aSurveyors claiming race discrimination | ||
| 260 | _c1999 | ||
| 350 | _a0 | ||
| 490 |
_aWestern Mail _v26 May 1999, 5; 27 May 1999, 11(2) |
||
| 520 | _aTwo chartered surveyors failed in a race discrimination case which claimed that they were paid less because they are Welsh. They were employed in Royal and Sun Alliance Property Services' Cardiff office on a basic salary of £20,000, and had to generate £275,000 a year in business to raise this to £40,000 through bonuses. Colleagues in Bristol needed to create only £110,000 a year to earn £40,000. However the tribunal ruled that although there were grounds for grievance, there was no discrimination. | ||
| 650 | _aEMPLOYMENT TRIBUNALS | ||
| 650 | _aRACE DISCRIMINATION | ||
| 650 | _aRACIAL DISCRIMINATION | ||
| 650 | _aSALARIES | ||
| 650 | _aWALES | ||
| 690 | _aMANAGEMENT-BUSINESS MANAGEMENT-PROFESSIONAL PRACTICE | ||
| 942 | _n0 | ||
| 948 | _c27/05/1999 | ||
| 999 |
_c59315 _d59315 |
||